LEADER 01030nam--2200361---450- 001 990002971330203316 005 20090609154519.0 035 $a000297133 035 $aUSA01000297133 035 $a(ALEPH)000297133USA01 035 $a000297133 100 $a20070911d1946----km-y0itay50------ba 101 $aita 102 $aIT 105 $a||||||||001yy 200 1 $aChronologie de l'histoire mondiale$fE. Cavaignac 205 $a3. ed. revue et augmentee 210 $aParis$cPayot$d1946 215 $a238 p.$d24 cm 225 2 $aBibliotheque historique Payot 410 0$12001$aBibliotheque historique Payot 606 0 $aStoria$xCronologia 676 $a902.02 700 1$aCAVAIGNAC,$bEugene$0138652 801 0$aIT$bsalbc$gISBD 912 $a990002971330203316 951 $aFC M 2253$b5004 DLM$cFC M 959 $aBK 969 $aDILAM 979 $aDILAM$b90$c20070911$lUSA01$h1218 979 $aDILAM1$b90$c20090609$lUSA01$h1545 996 $aChronologie de l'histoire mondiale$9609765 997 $aUNISA LEADER 03943nam 2200589Ia 450 001 9910830915503321 005 20230422045519.0 010 $a1-282-68159-1 010 $a9786612681592 010 $a3-527-62438-4 010 $a3-527-62439-2 035 $a(CKB)1000000000577930 035 $a(EBL)481973 035 $a(OCoLC)299047765 035 $a(SSID)ssj0000333846 035 $a(PQKBManifestationID)11266769 035 $a(PQKBTitleCode)TC0000333846 035 $a(PQKBWorkID)10377575 035 $a(PQKB)11409521 035 $a(MiAaPQ)EBC481973 035 $a(EXLCZ)991000000000577930 100 $a19961119d1999 uy 0 101 0 $ager 135 $aur|n|---||||| 181 $ctxt 182 $cc 183 $acr 200 10$aAbluft und abgas$b[electronic resource] $ereinigung und u?berwachung /$fNorbert Ebeling 210 $aWeinheim $cVCH$dc1999 215 $a1 online resource (253 p.) 300 $aIncludes index. 311 $a3-527-29621-2 327 $aAbluft und Abgas; Inhalt; 1 Grundlagen; 1.1 Die Luft als Teil des menschlichen Lebensraumes; 1.2 Gesetzeslage und Grenzwerte; 1.3 Interpretation und Anwendung von Vorschriften; 1.4 Literatur; 2 Abscheidung von Feststoffen; 2.1 Staubquellen; 2.2 Entstaubungstechnik; 2.2.1 Entstaubung durch Sedimentation; 2.2.2 Fliehkraftentstauber oder Zyklone; 2.2.3 Filternde Abscheider; 2.2.4 Elektroentstauber; 2.2.5 Waschentstauber; 2.2.6 Betriebssicherheit von Entstaubern; 2.3 Technisch-wirtschaftlicher Verfahrensvergleich; 2.4 Literatur; 3 Abscheidung von Flu?ssigkeiten; 3.1 Tro?pfchenbildung 327 $a3.2 Abscheider3.3 Literatur; 4 Abscheidung gasfo?rmiger Schadstoffe; 4.1 Absorption; 4.1.1 Gaswa?scherbauarten und ihre Berechnung; 4.1.2 Rauchgasentschwefelung; 4.1.3 Absorber fu?r Ru?ckstandsverbrennungsanlagen; 4.2 Adsorption; 4.2.1 Physikalische Grundlagen; 4.2.2 Adsorptionsmittel; 4.2.3 Adsorberbauarten im Vergleich; 4.3 Katalytische Abgasreinigung; 4.3.1 Grundlagen; 4.3.2 Rauchgasentstickung; 4.3.3 Dreiwegekatalysatoren fu?r motorische Zwecke; 4.4 Thermische und katalytische Nachverbrennung; 4.5 Direktverfahren; 4.6 Biologische Verfahren; 4.7 Zusammenfassung und Ratgeber; 4.8 Literatur 327 $a5 Nichtstoffliche Emissionen5.1 Schallschutz; 5.2 Sto?rende Lichtemissionen; 5.3 Elektrosmog; 5.4 Strahlenschutz; 5.5 Literatur; 6 Emissionsu?berwachung; 6.1 Gesetzliche und theoretische Grundlagen; 6.2 Methoden und Anwendungen; 6.3 Literatur; 7 Der systematische Weg von der Problemstellung zur technischen Lo?sung; 7.1 Allgemeiner Ratgeber; 7.2 Ablaufdiagramme; 7.3 Arbeitsanweisungen und Checklisten; 7.4 Literatur; Anhang 1; A 1.1 Beho?rdenanschriften; A 1.2 Anschriften anerkannter Meßinstitute; Anhang 2; Bezugsquellen juristischer und technischer Vorschriften; Anhang 3 327 $aNachschlagewerke und weiterfu?hrende LiteraturRegister 330 $aAlle Ba?nde der Reihe ""Praxis des technischen Umweltschutzes"" bieten eine kompakte Einfu?hrung und U?bersicht zu diesem Thema. Erfahren Sie hier, welche Verfahren es zur Vermeidung und Verminderung von Emissionen gibt und wie sich umweltgesetzliche Vorschriften einhalten lassen. Außerdem wird die Einbindung des technischen Umweltschutzes in das Umweltmanagement behandelt.Dieser Band ist ein praktischer Leitfaden fu?r die Reinigung und U?berwachung von Abluft und Abgas. Der Anwender findet mit ihm vom Problem zur technischen Lo?sung, insbesondere durch die als ""Entscheidungsba?ume"" gestalt 606 $aAir quality management 606 $aAir$xPollution 615 0$aAir quality management. 615 0$aAir$xPollution. 676 $a628.53 676 $a628.5308 676 $a697.93 700 $aEbeling$b Norbert$01342762 801 0$bMiAaPQ 801 1$bMiAaPQ 801 2$bMiAaPQ 906 $aBOOK 912 $a9910830915503321 996 $aAbluft und abgas$93066490 997 $aUNINA